[Event "Panevezys Elite Open 2019"]
[Site "Panevezys"]
[Date "2019.06.28"]
[Round "7.11"]
[White "Sinitsina, Anastassia"]
[Black "Rudzinska, Michalina"]
[Result "1/2-1/2"]
[WhiteElo "2095"]
[BlackElo "2143"]
[Annotator "TA"]
[PlyCount "87"]
[EventDate "2019.06.24"]
[EventType "swiss"]
[EventCountry "LTU"]
[SourceTitle "playchess.com"]
[Source "ChessBase"]
[SourceQuality "1"]

{[%evp 19,87,20,64,63,70,25,19,6,29,14,34,28,33,45,38,12,25,25,33,39,32,22,65,34,85,85,79,81,84,97,98,20,14,11,145,54,45,40,75,0,7,17,62,64,43,34,179,180,184,178,235,233,259,262,233,228,210,0,232,0,210,195,197,106,84,-97,-97,-83,-92,-90]} 1. Nf3 c5 2. g3 Nf6 3. Bg2 e6 4. O-O Nc6 5. c4 Be7 6. b3 O-O 7. Bb2 d5 8. cxd5 Nxd5 9. d4 cxd4 10. Nxd4 Bf6 11. Nxc6 {A14: English Opening: 1...e6 with b3 by White} (11. Na3 Bd7 12. Nc4 Nxd4 13. Bxd4 Bc6 14. Ne5 Rc8 15. Rc1 Bxe5 16. Bxe5 Qa5 17. Ba1 Qxa2 18. e4 Ne7 19. Qg4 e5 20. Bxe5 Ng6 21. Bd6 {½-½ (37) Grischuk,A (2761)-Karjakin,S (2781) Paris 2017}) 11... bxc6 12. Qd2 Ba6 13. Re1 $146 {The position is equal.} ({Predecessor:} 13. Bf3 Bxb2 14. Qxb2 Qa5 15. Rc1 Rac8 16. Nc3 Rfd8 17. Ne4 c5 18. Qe5 Qb4 {1-0 (51) Cruz,J (2459)-Silva Rodriguez,J (2210) Badalona 2014}) 13... Qe7 14. Nc3 Rad8 15. Ne4 {[%cal Bc3e4,Be4d2,Bd2c4,Bc4e3][%mdl 32]} Bxb2 16. Qxb2 f5 17. Nd2 e5 18. Rac1 Rf6 19. Nc4 e4 20. Red1 Nb6 21. Ne3 g6 (21... Rdf8 $14) 22. Rxd8+ $16 Qxd8 23. Bxe4 fxe4 24. Ng4 Nd5 25. Nxf6+ (25. Qd4 $16 Bxe2 26. Nxf6+ Qxf6 27. Qxf6 Nxf6 28. Rxc6) 25... Nxf6 $11 26. Qc2 e3 (26... Bb7 $1 $11 {remains equal.}) 27. fxe3 ({White should try} 27. Qxc6 $16 exf2+ 28. Kg2) 27... Qe7 $14 28. Qc5 $36 {[%mdl 2048] Black is under pressure.} Qe6 29. Rf1 (29. Rc2 $16) 29... Nd7 30. Qxa7 c5 31. Qa8+ Kg7 32. Qf3 c4 (32... Nf6 $14) 33. bxc4 $1 $18 Bxc4 34. a4 $1 g5 {[#]} (34... h5 {was necessary.} 35. Rc1 Nf6) 35. e4 $1 Nf6 {[#]} 36. Qf5 $1 {[%cal Rf5g5]} Qb6+ 37. Qf2 Qe6 38. Qf5 Qb6+ $1 39. Qf2 Qe6 $1 40. Qd4 {Rxf6! is the strong threat.} Bxe2 41. Re1 (41. Rb1 $18 {Hoping for Rb7+.} Qxe4 42. Qxe4 Nxe4 43. a5) 41... Bf3 $16 {[%cal Rf3e4]} 42. a5 $2 (42. e5 $16 {keeps the pressure on.} Ne8 43. Rc1) 42... Qa2 $17 {[%csl Gf3][%cal Ra2g2][%mdl 1024] Black has strong compensation.} 43. Qf2 Qxa5 44. Rf1 {Accuracy: White = 46%, Black = 44%.} 1/2-1/2

[Event "Panevezys Elite Open 2019"]
[Site "Panevezys"]
[Date "2019.06.28"]
[Round "7.12"]
[White "Zaura, Vidmantas"]
[Black "Juksta, Karolis"]
[Result "0-1"]
[WhiteElo "2223"]
[BlackElo "2261"]
[Annotator "NA"]
[PlyCount "44"]
[EventDate "2019.06.24"]
[EventType "swiss"]
[EventCountry "LTU"]
[SourceTitle "playchess.com"]
[Source "ChessBase"]
[SourceQuality "1"]
[TimeControl "40/5400+30:1800+30"]

1. Nf3 {[%emt 0:00:00]} d5 {[%emt 0:00:00]} 2. c4 {[%emt 0:00:00]} d4 {[%emt 0:00:00]} 3. e3 {[%emt 0:00:15]} Nc6 {[%emt 0:00:11]} 4. exd4 {[%emt 0:00:37]} Nxd4 {[%emt 0:00:18]} 5. Nxd4 {[%emt 0:00:12]} Qxd4 {[%emt 0:00:02]} 6. Nc3 {[%emt 0:00:14]} c6 {[%emt 0:00:06]} 7. Be2 {[%emt 0:00:49]} Nh6 {[%emt 0:02:47]} 8. O-O {[%emt 0:01:57]} Nf5 {[%emt 0:00:39]} 9. b4 {[%emt 0:02:59]} e5 {[%emt 0:18:45]} 10. b5 {[%emt 0:08:29]} Be7 {[%emt 0:03:04]} 11. bxc6 {[%emt 0:02:21]} bxc6 {[%emt 0:00:04]} 12. Bf3 {[%emt 0:17:47]} Qd7 {[%emt 0:19:00]} 13. Re1 {[%emt 0:04:24]} f6 {[%emt 0:00:46]} 14. Ne2 {[%emt 0:16:50]} Nh4 {[%emt 0:07:40]} 15. Be4 {[%emt 0:09:19]} f5 {[%emt 0:00:43]} 16. Bc2 {[%emt 0:00:17]} O-O {[%emt 0:04:35]} 17. Rb1 {[%emt 0:02:18]} f4 {[%emt 0:07:29]} 18. d4 {[%emt 0:11:12]} Qg4 {[%emt 0:07:28]} 19. Nxf4 {[%emt 0:00:21]} Rxf4 {[%emt 0:00:25]} 20. Qxg4 {[%emt 0:02:15]} Rxg4 {[%emt 0:00:02]} 21. Be4 {[%emt 0:01:36]} Rxe4 {[%emt 0:00:36]} 22. Rxe4 {[%emt 0:02:15]} Bf5 {[%emt 0:00:01]} 0-1

[Event "Panevezys Elite Open 2019"]
[Site "Panevezys"]
[Date "2019.06.28"]
[Round "7.13"]
[White "Stasans, Aivars"]
[Black "Kalinowska, Zuzanna"]
[Result "1-0"]
[WhiteElo "2039"]
[BlackElo "2093"]
[Annotator "NA"]
[PlyCount "87"]
[EventDate "2019.06.24"]
[EventType "swiss"]
[EventCountry "LTU"]
[SourceTitle "playchess.com"]
[Source "ChessBase"]
[SourceQuality "1"]
[TimeControl "40/5400+30:1800+30"]

1. e4 {[%emt 0:00:00]} e6 {[%emt 0:00:00]} 2. d4 {[%emt 0:00:00]} d5 {[%emt 0:00:00]} 3. Nc3 {[%emt 0:00:00]} Bb4 {[%emt 0:00:00]} 4. e5 {[%emt 0:00:00]} c5 {[%emt 0:00:00]} 5. Bd2 {[%emt 0:00:03]} Bxc3 {[%emt 0:06:05]} 6. Bxc3 {[%emt 0:00:17]} b6 {[%emt 0:00:28]} 7. Qg4 {[%emt 0:03:25]} Kf8 {[%emt 0:06:00]} 8. Nf3 {[%emt 0:00:56]} Ba6 {[%emt 0:04:37]} 9. Bxa6 {[%emt 0:02:09]} Nxa6 {[%emt 0:00:07]} 10. h4 {[%emt 0:03:47]} Nb4 {[%emt 0:07:35]} 11. Bxb4 {[%emt 0:04:03]} cxb4 {[%emt 0:00:08]} 12. O-O {[%emt 0:00:17]} Rc8 {[%emt 0:14:45]} 13. Rfc1 {[%emt 0:02:24]} h5 {[%emt 0:01:32]} 14. Qf4 {[%emt 0:00:14]} Ne7 {[%emt 0:03:02]} 15. Qd2 {[%emt 0:07:57]} a5 {[%emt 0:06:10]} 16. c3 {[%emt 0:02:37]} bxc3 {[%emt 0:05:24]} 17. Rxc3 {[%emt 0:00:27]} Rxc3 {[%emt 0:04:49]} 18. Qxc3 {[%emt 0:00:22]} f6 {[%emt 0:00:37]} 19. Rc1 {[%emt 0:09:37]} Kf7 {[%emt 0:01:25]} 20. Qd3 {[%emt 0:00:24]} Qd7 {[%emt 0:02:06]} 21. g3 {[%emt 0:02:24]} Nf5 {[%emt 0:02:36]} 22. Qc3 {[%emt 0:03:11]} Ne7 {[%emt 0:02:04]} 23. Qd3 {[%emt 0:00:53]} Nf5 {[%emt 0:00:15]} 24. Qa6 {[%emt 0:01:06]} Rb8 {[%emt 0:00:51]} 25. Kg2 {[%emt 0:01:24]} Rb7 {[%emt 0:04:42]} 26. Qa8 {[%emt 0:02:13]} Rc7 {[%emt 0:04:57]} 27. Rxc7 {[%emt 0:00:38]} Qxc7 {[%emt 0:00:07]} 28. Qh8 {[%emt 0:00:11]} Kg6 {[%emt 0:01:35]} 29. Qe8+ {[%emt 0:03:24]} Qf7 {[%emt 0:00:45]} 30. Qc6 {[%emt 0:00:09]} Kh6 {[%emt 0:02:47]} 31. Qxb6 {[%emt 0:01:45]} g5 {[%emt 0:01:13]} 32. Qxa5 {[%emt 0:08:42]} g4 {[%emt 0:04:30]} 33. Ng1 {[%emt 0:02:23]} fxe5 {[%emt 0:02:10]} 34. dxe5 {[%emt 0:01:22]} Qb7 {[%emt 0:01:01]} 35. Qd2+ {[%emt 0:02:23]} Kh7 {[%emt 0:00:12]} 36. Ne2 {[%emt 0:22:22]} d4+ {[%emt 0:02:01]} 37. Kg1 {[%emt 0:00:19]} Qe4 {[%emt 0:00:54]} 38. Nf4 {[%emt 0:00:26]} Qb1+ {[%emt 0:07:47]} 39. Kg2 {[%emt 0:00:55]} Qe4+ {[%emt 0:00:25]} 40. Kg1 {[%emt 0:03:52]} Qb1+ {[%emt 0:00:10]} 41. Kh2 {[%emt 0:32:32]} d3 {[%emt 0:30:46]} 42. Qxd3 {[%emt 0:04:24]} Qxb2 {[%emt 0:00:27]} 43. Qe2 {[%emt 0:00:38]} Qb7 {[%emt 0:00:00]} 44. Nxe6 {[%emt 0:00:00]} 1-0

[Event "Panevezys Elite Open 2019"]
[Site "Panevezys"]
[Date "2019.06.29"]
[Round "8.1"]
[White "Ulybin, Mikhail"]
[Black "Krishna Teja, N."]
[Result "1/2-1/2"]
[WhiteElo "2474"]
[BlackElo "2357"]
[Annotator "TA"]
[PlyCount "88"]
[EventDate "2019.06.24"]
[EventType "swiss"]
[EventCountry "LTU"]
[SourceTitle "playchess.com"]
[Source "ChessBase"]
[SourceQuality "1"]

{[%evp 25,88,0,24,6,42,34,52,40,53,52,66,50,93,94,91,67,84,75,100,88,109,102,106,106,118,110,111,112,139,84,99,85,97,62,86,43,68,22,90,74,123,18,15,0,0,-35,-36,-104,-104,-114,-116,-110,-110,-103,-123,-111,-104,-113,-112,-86,0,0,0,-87,0]} 1. d4 Nf6 2. c4 e6 3. g3 d5 4. Bg2 Be7 5. Nf3 O-O 6. O-O dxc4 7. Qa4 a6 8. Qxc4 b5 9. Qc2 Bb7 10. Bd2 Be4 11. Qc1 Bb7 12. Qc2 Be4 13. Qc1 Bb7 14. Rd1 {E05: Open Catalan: 5 Nf3 Be7} Nc6 (14... Qc8 15. Ba5 c5 16. dxc5 Bxc5 17. Nbd2 Nbd7 18. Nb3 Ba7 19. Qf4 Nb6 20. Bxb6 Bxb6 21. Rac1 Qe8 22. Ne5 Bxg2 23. Kxg2 {½-½ (75) Ding,L (2813)-Radjabov,T (2757) Wijk aan Zee 2019}) 15. Bf4 Nd5 16. Nc3 {White is slightly better.} Nxf4 17. Qxf4 Bd6 $146 ({Predecessor:} 17... Nb4 18. Rac1 Rc8 19. e4 f5 20. d5 fxe4 21. Qxe4 exd5 {1-0 (47) Vekshenkov,N (2432)-Provotorov,I (2407) Belgorod 2008}) 18. Ne5 Na5 19. Bxb7 Nxb7 20. Ne4 f6 21. Qe3 Na5 22. Qc3 Nb7 23. Rac1 Re8 24. Nc6 Qd7 25. Qf3 Qf7 26. Rc2 a5 27. Qb3 (27. Nc5 $142 Nxc5 28. dxc5) 27... b4 28. Qc4 Bf8 29. Qd3 Qh5 30. f3 Qd5 31. b3 Bd6 (31... a4 $11) 32. Nf2 $16 Bc5 33. Qb5 ({But not} 33. dxc5 $6 Qxc6 34. Qd7 Ra6 $14) (33. Nxa5 $1 $16 Rxa5 34. dxc5) 33... Bb6 $11 34. Qxd5 (34. Qa4 {seems wilder.} e5 35. Kg2 exd4 36. e4 Qd7 37. Qb5) 34... exd5 35. e4 Nd6 {[%cal Rd5e4]} 36. e5 (36. Re1 $15) 36... Nb5 $1 $17 37. f4 Nc3 {And now ...Re6 would win.} 38. Rd3 Re6 39. Rdxc3 bxc3 40. Rxc3 fxe5 $1 41. dxe5 Ra6 $1 42. Nb8 {[#]} Ra8 (42... Bxf2+ $1 $17 43. Kxf2 Rab6) 43. Nc6 $1 $11 Ra6 ({Black should try} 43... Rh6 $11) 44. Nb8 $17 {[#]} Ra8 {Accuracy: White = 60%, Black = 54%.} ({Better is} 44... Bxf2+ $1 $17 45. Kxf2 Rab6) 1/2-1/2

[Event "Panevezys Elite Open 2019"]
[Site "Panevezys"]
[Date "2019.06.29"]
[Round "8.2"]
[White "Badelka, Olga"]
[Black "Harutjunyan, Gevorg"]
[Result "1/2-1/2"]
[WhiteElo "2391"]
[BlackElo "2446"]
[Annotator "NA RC"]
[PlyCount "83"]
[EventDate "2019.06.24"]
[EventType "swiss"]
[EventCountry "LTU"]
[SourceTitle "playchess.com"]
[Source "ChessBase"]
[SourceQuality "1"]
[TimeControl "40/5400+30:1800+30"]

1. d4 {[%emt 0:00:00]} Nf6 {[%emt 0:00:00]} 2. c4 {[%emt 0:00:00]} e6 {[%emt 0:00:00]} 3. Nc3 {[%emt 0:00:00]} Bb4 {[%emt 0:00:03]} 4. Bd2 {[%emt 0:00:38]} O-O {[%emt 0:04:53]} 5. Nf3 {[%emt 0:00:12]} b6 {[%emt 0:02:31]} 6. e3 {[%emt 0:00:13]} Bb7 {[%emt 0:00:50]} 7. Bd3 {[%emt 0:00:11]} d5 {[%emt 0:00:54]} 8. cxd5 {[%emt 0:00:40]} exd5 {[%emt 0:00:10]} 9. O-O {[%emt 0:01:22]} Re8 {[%emt 0:04:52] E52: Nimzo-Indian: Rubinstein: 4...0-0 5 Nf3 d5 6 Bd3 b6} (9... Be7 10. Ne5 c5 11. Be1 Nc6 12. f3 cxd4 13. Nxc6 Bxc6 14. exd4 Bd6 15. Bh4 h6 16. Rc1 Bf4 17. Rc2 {1-0 (34) Fedoseev,V (2683)-Cheparinov,I (2667) Hengshui 2019}) 10. Rc1 {[%emt 0:04:13]} a6 {[%emt 0:02:05]} 11. Ne5 {[%emt 0:04:16]} Bd6 {[%emt 0:07:33]} 12. f4 {[%emt 0:01:19]} Nbd7 {[%emt 0:00:31]} 13. g4 $146 {[%emt 0:04:09]} ({Predecessor:} 13. Be1 c5 14. Bh4 Qc7 15. Qf3 Be7 16. Qh3 Nf8 17. g4 {1-0 (27) Rakhimzhan,A (2320)-Nukin,T (2155) Pavlodar 2019}) 13... b5 {[%emt 0:07:12]} 14. g5 {[%emt 0:10:00]} Ne4 {[%emt 0:01:07]} 15. Nxe4 {[%emt 0:01:08]} dxe4 {[%emt 0:00:35]} 16. Be2 {[%emt 0:00:21]} Nb6 {[%emt 0:24:45]} 17. Nc6 {[%emt 0:08:24]} Qd7 {[%emt 0:00:04]} 18. Bg4 {[%emt 0:01:59]} Re6 {[%emt 0:00:26]} 19. Ne5 {[%emt 0:08:17]} Qe8 {[%emt 0:03:43]} 20. Bxe6 {[%emt 0:00:21]} Qxe6 {[%emt 0:01:46]} 21. b3 {[%emt 0:02:33]} a5 {[%emt 0:02:57]} 22. f5 {[%emt 0:05:48]} Qd5 {[%emt 0:09:15]} 23. g6 $18 {[%emt 0:01:11]} fxg6 {[%emt 0:05:46]} 24. fxg6 {[%emt 0:00:10]} hxg6 {[%emt 0:03:48]} 25. Qg4 {[%emt 0:05:13]} Bxe5 {[%emt 0:00:33]} 26. dxe5 {[%emt 0:00:03]} Qxd2 {[%emt 0:00:46]} 27. Qe6+ {[%emt 0:00:08]} Kh7 {[%emt 0:00:35]} 28. Qh3+ {[%emt 0:00:04]} Kg8 {[%emt 0:00:00]} 29. Rxc7 {[%emt 0:02:40]} Nd5 {[%emt 0:07:20]} 30. Rxb7 {[%emt 0:00:25]} Nxe3 {[%emt 0:00:35]} 31. Qe6+ {[%emt 0:08:22]} Kh7 {[%emt 0:00:14]} 32. Qh3+ {[%emt 0:06:26]} Kg8 {[%emt 0:00:07]} 33. Rd7 {[%emt 0:02:19]} Qe2 {[%emt 0:00:31]} 34. Rc1 {[%emt 0:03:27]} Nf5 {[%emt 0:04:29]} 35. Rdc7 {[%emt 0:09:50]} Rd8 {[%emt 0:05:23]} 36. e6 {[%emt 0:05:45]} Rd1+ {[%emt 0:00:42]} 37. Rxd1 {[%emt 0:00:03]} Qxd1+ {[%emt 0:00:03]} 38. Qf1 {[%emt 0:00:04]} Qg4+ {[%emt 0:00:11]} 39. Qg2 {[%emt 0:03:12]} Qd1+ {[%emt 0:00:18]} 40. Qf1 {[%emt 0:00:03]} Qg4+ {[%emt 0:00:15]} 41. Qg2 {[%emt 0:30:04]} Qd1+ {[%emt 0:30:18]} 42. Qf1 {[%emt 0:00:02]} 1/2-1/2

[Event "Panevezys Elite Open 2019"]
[Site "Panevezys"]
[Date "2019.06.29"]
[Round "8.3"]
[White "Krykun, Yuriy"]
[Black "Laurusas, Tomas"]
[Result "1/2-1/2"]
[WhiteElo "2342"]
[BlackElo "2507"]
[Annotator "RC"]
[PlyCount "102"]
[EventDate "2019.06.24"]
[EventType "swiss"]
[EventCountry "LTU"]
[SourceTitle "playchess.com"]
[Source "ChessBase"]
[SourceQuality "1"]
[TimeControl "40/5400+30:1800+30"]

1. Nf3 {[%emt 0:00:09]} d5 {[%emt 0:01:08]} 2. e3 {[%emt 0:00:15]} c5 {[%emt 0:02:01]} 3. b3 {[%emt 0:04:34]} Nf6 {[%emt 0:03:27]} 4. Bb2 {[%emt 0:00:15]} Nc6 {[%emt 0:01:04]} 5. Bb5 {[%emt 0:02:58]} Bd7 {[%emt 0:00:12]} 6. O-O {[%emt 0:01:39]} e6 {[%emt 0:00:50]} 7. c4 {[%emt 0:03:21]} a6 {[%emt 0:05:55]} 8. Bxc6 {[%emt 0:00:25]} Bxc6 {[%emt 0:00:02]} 9. Ne5 {[%emt 0:00:12]} Rc8 {[%emt 0:00:11]} 10. cxd5 {[%emt 0:04:44]} Qxd5 {[%emt 0:07:11]} 11. Nxc6 {[%emt 0:00:18]} Qxc6 {[%emt 0:00:17]} 12. d4 {[%emt 0:03:48]} Be7 {[%emt 0:01:59]} 13. dxc5 {[%emt 0:00:31]} Qxc5 {[%emt 0:00:07]} 14. Nd2 {[%emt 0:03:55]} O-O {[%emt 0:24:41]} 15. Rc1 {[%emt 0:03:28]} Qf5 {[%emt 0:04:06]} 16. Rxc8 {[%emt 0:02:05]} Rxc8 {[%emt 0:00:14]} 17. Qa1 {[%emt 0:00:14]} Bf8 {[%emt 0:03:42]} 18. Rc1 {[%emt 0:02:15]} Rd8 {[%emt 0:00:59]} 19. Nf3 {[%emt 0:00:29]} Ne4 {[%emt 0:01:01]} 20. Rd1 {[%emt 0:00:26]} Rd5 {[%emt 0:00:51]} 21. Rxd5 {[%emt 0:05:04]} Qxd5 {[%emt 0:00:21]} 22. Qc1 {[%emt 0:00:51]} f6 {[%emt 0:00:49]} 23. Nd4 {[%emt 0:05:00]} e5 {[%emt 0:03:54]} 24. Ne2 {[%emt 0:01:23]} Qd3 {[%emt 0:03:08]} 25. Ng3 {[%emt 0:01:23]} Nc5 {[%emt 0:01:11]} 26. Ba3 {[%emt 0:02:04]} b6 {[%emt 0:00:26]} 27. Qf1 {[%emt 0:02:57]} Kf7 {[%emt 0:02:26]} 28. Qxd3 {[%emt 0:02:58]} Nxd3 {[%emt 0:00:07]} 29. Bxf8 {[%emt 0:00:04]} Kxf8 {[%emt 0:00:07]} 30. Ne2 {[%emt 0:01:17]} b5 {[%emt 0:03:24]} 31. Nc3 {[%emt 0:00:20]} b4 {[%emt 0:02:29]} 32. Nd5 {[%emt 0:03:13]} e4 {[%emt 0:02:48]} 33. Kf1 {[%emt 0:04:20]} Kf7 {[%emt 0:02:40]} 34. f3 {[%emt 0:01:46]} f5 {[%emt 0:01:19]} 35. fxe4 {[%emt 0:00:08]} fxe4 {[%emt 0:00:01]} 36. Ke2 {[%emt 0:03:34]} a5 {[%emt 0:01:12]} 37. Kd2 {[%emt 0:03:35]} g5 {[%emt 0:01:53]} 38. Nc7 {[%emt 0:03:01]} Kf6 {[%emt 0:00:51]} 39. Nb5 {[%emt 0:00:23]} Ke5 {[%emt 0:00:06]} 40. a3 {[%emt 0:01:36]} Nc5 {[%emt 0:00:21]} 41. axb4 {[%emt 0:30:41]} axb4 {[%emt 0:30:20]} 42. Nd4 {[%emt 0:00:04]} Kd5 {[%emt 0:00:14]} 43. Ke2 {[%emt 0:00:15]} h5 {[%emt 0:00:25]} 44. h3 {[%emt 0:00:46]} h4 {[%emt 0:00:11]} 45. Kd2 {[%emt 0:00:13]} Kd6 {[%emt 0:00:24]} 46. Ke2 {[%emt 0:00:10]} Nd3 {[%emt 0:00:21]} 47. Kd2 {[%emt 0:00:21]} Ke5 {[%emt 0:00:10]} 48. Ke2 {[%emt 0:00:38]} Kf6 {[%emt 0:00:05]} 49. Kd2 {[%emt 0:05:54]} g4 {[%emt 0:00:13]} 50. Ke2 {[%emt 0:02:37]} Ke5 {[%emt 0:02:07]} 51. Kf1 {[%emt 0:05:30]} gxh3 {[%emt 0:04:46]} 1/2-1/2

[Event "Panevezys Elite Open 2019"]
[Site "Panevezys"]
[Date "2019.06.29"]
[Round "8.4"]
[White "Stremavicius, Titas"]
[Black "Sulskis, Sarunas"]
[Result "0-1"]
[WhiteElo "2477"]
[BlackElo "2528"]
[Annotator "ChessBase"]
[PlyCount "214"]
[EventDate "2019.06.24"]
[EventType "swiss"]
[EventCountry "LTU"]
[SourceTitle "playchess.com"]
[Source "ChessBase"]
[SourceQuality "1"]
[TimeControl "40/5400+30:1800+30"]

1. c4 {[%emt 0:00:00]} c5 {[%emt 0:00:00]} 2. Nc3 {[%emt 0:02:09]} Nf6 {[%emt 0:01:28]} 3. Nf3 {[%emt 0:01:32]} Nc6 {[%emt 0:00:19]} 4. e3 {[%emt 0:00:36]} e5 {[%emt 0:00:17]} 5. d4 {[%emt 0:01:24]} e4 {[%emt 0:04:38]} 6. Ne5 {[%emt 0:03:31]} g6 {[%emt 0:00:57]} 7. Be2 {[%emt 0:18:19]} Bg7 {[%emt 0:03:04]} 8. O-O {[%emt 0:01:15]} O-O {[%emt 0:05:09]} 9. Nxc6 {[%emt 0:19:36]} dxc6 {[%emt 0:04:01]} 10. d5 {[%emt 0:00:04]} cxd5 {[%emt 0:05:16]} 11. cxd5 {[%emt 0:02:28]} a6 {[%emt 0:01:12]} 12. a4 {[%emt 0:01:00]} Qd6 {[%emt 0:02:20]} 13. f4 {[%emt 0:06:53]} exf3 {[%emt 0:04:18]} 14. Bxf3 {[%emt 0:00:31]} h5 {[%emt 0:00:22]} 15. e4 {[%emt 0:06:37]} Ng4 {[%emt 0:06:07]} 16. Bxg4 {[%emt 0:00:41]} Bxg4 {[%emt 0:00:09]} 17. Qd3 {[%emt 0:03:11]} Be5 {[%emt 0:10:44]} 18. h3 {[%emt 0:00:24]} Bd7 {[%emt 0:00:42]} 19. Bh6 {[%emt 0:02:05]} c4 {[%emt 0:14:39]} 20. Qe3 {[%emt 0:14:02]} Rfb8 {[%emt 0:03:49]} 21. Qf2 {[%emt 0:03:41]} f6 {[%emt 0:06:15]} 22. Be3 {[%emt 0:02:14]} b6 {[%emt 0:08:27]} 23. a5 {[%emt 0:01:21]} bxa5 {[%emt 0:00:49]} 24. Rxa5 {[%emt 0:00:08]} Re8 {[%emt 0:01:51]} 25. Bc5 {[%emt 0:03:37]} Qc7 {[%emt 0:00:50]} 26. Rfa1 {[%emt 0:00:34]} Rab8 {[%emt 0:03:40]} 27. d6 {[%emt 0:04:29]} Qb7 {[%emt 0:03:07]} 28. R5a2 {[%emt 0:00:51]} Bxc3 {[%emt 0:02:50]} 29. bxc3 {[%emt 0:00:02]} Qxe4 {[%emt 0:00:11]} 30. Bd4 {[%emt 0:00:56]} Re6 {[%emt 0:01:54]} 31. Rxa6 {[%emt 0:00:35]} h4 {[%emt 0:01:32]} 32. Kh2 {[%emt 0:00:41]} g5 {[%emt 0:01:04]} 33. Rf1 {[%emt 0:00:29]} Bc6 {[%emt 0:01:43]} 34. Ra5 {[%emt 0:00:26]} Bd5 {[%emt 0:01:03]} 35. d7 {[%emt 0:00:27]} Rd8 {[%emt 0:00:23]} 36. Re1 {[%emt 0:00:35]} Qxe1 {[%emt 0:00:39]} 37. Qxe1 {[%emt 0:00:30]} Rxe1 {[%emt 0:00:06]} 38. Rxd5 {[%emt 0:00:15]} Re6 {[%emt 0:01:16]} 39. g3 {[%emt 0:00:46]} Kf7 {[%emt 0:01:15]} 40. gxh4 {[%emt 0:00:20]} gxh4 {[%emt 0:00:26]} 41. Kg2 {[%emt 0:30:30]} Re7 {[%emt 0:01:08]} 42. Rd6 {[%emt 0:00:00]} Re6 {[%emt 0:01:52]} 43. Rd5 {[%emt 0:00:00]} Rc6 {[%emt 0:05:57]} 44. Kf3 {[%emt 0:00:00]} Ke6 {[%emt 0:00:41]} 45. Rh5 {[%emt 0:00:00]} Rxd7 {[%emt 0:00:12]} 46. Rxh4 {[%emt 0:00:00]} Rd5 {[%emt 0:02:37]} 47. Ke4 {[%emt 0:00:00]} Rf5 {[%emt 0:02:15]} 48. Rh8 {[%emt 0:00:00]} Rf1 {[%emt 0:00:28]} 49. Re8+ {[%emt 0:00:00]} Kf7 {[%emt 0:00:05]} 50. Ra8 {[%emt 0:00:00]} Rc7 {[%emt 0:02:00]} 51. Kd5 {[%emt 0:00:00]} Kg6 {[%emt 0:07:26]} 52. Rg8+ {[%emt 0:00:00]} Rg7 53. Rxg7+ {[%emt 0:00:00]} Kxg7 {[%emt 0:01:48]} 54. Kxc4 {[%emt 0:00:00]} Rf5 {[%emt 0:02:41]} 55. Kd3 {[%emt 0:00:00]} Kf7 {[%emt 0:00:14]} 56. c4 {[%emt 0:00:00]} Ke6 {[%emt 0:01:56]} 57. Be3 {[%emt 0:00:00]} Rh5 {[%emt 0:00:40]} 58. Bf4 {[%emt 0:00:59]} Rxh3+ {[%emt 0:00:35]} 59. Ke4 {[%emt 0:00:31]} Rh4 {[%emt 0:00:58]} 60. c5 {[%emt 0:00:22]} f5+ {[%emt 0:01:39]} 61. Ke3 {[%emt 0:01:59]} Rh3+ {[%emt 0:01:24]} 62. Kd4 {[%emt 0:00:13]} Rh1 {[%emt 0:01:41]} 63. Ke3 {[%emt 0:02:56]} Rc1 {[%emt 0:02:19]} 64. Bd6 {[%emt 0:00:40]} Rc3+ {[%emt 0:00:48]} 65. Kf4 {[%emt 0:00:12]} Rb3 {[%emt 0:00:36]} 66. Bf8 {[%emt 0:00:50]} Rb4+ {[%emt 0:00:37]} 67. Kf3 {[%emt 0:00:06]} Rb3+ {[%emt 0:00:46]} 68. Kf4 {[%emt 0:00:03]} Rb4+ {[%emt 0:00:04]} 69. Kf3 {[%emt 0:00:36]} Kf6 {[%emt 0:01:11]} 70. Bd6 {[%emt 0:00:20]} Rc4 {[%emt 0:00:14]} 71. Kg3 {[%emt 0:03:09]} Re4 {[%emt 0:00:47]} 72. Bc7 {[%emt 0:00:36]} Rd4 {[%emt 0:00:30]} 73. Bd6 {[%emt 0:00:26]} Rd3+ {[%emt 0:00:38]} 74. Kf4 {[%emt 0:00:15]} Ke6 {[%emt 0:00:14]} 75. Bf8 {[%emt 0:00:22]} Rd1 {[%emt 0:00:48]} 76. Bd6 {[%emt 0:00:59]} Rf1+ {[%emt 0:00:11]} 77. Ke3 {[%emt 0:00:34]} Kf6 {[%emt 0:00:34]} 78. Ke2 {[%emt 0:00:11]} Rb1 {[%emt 0:00:44]} 79. Kf3 {[%emt 0:00:18]} Rb4 {[%emt 0:00:08]} 80. Bc7 {[%emt 0:01:14]} Re4 {[%emt 0:00:29]} 81. Bd8+ {[%emt 0:00:45]} Kg6 {[%emt 0:00:46]} 82. Bc7 {[%emt 0:00:04]} Rb4 {[%emt 0:00:30]} 83. Bd6 {[%emt 0:00:13]} Rb3+ {[%emt 0:00:22]} 84. Kf4 {[%emt 0:00:14]} Rc3 {[%emt 0:00:09]} 85. Be7 {[%emt 0:01:42]} Kf7 {[%emt 0:00:31]} 86. Bd6 {[%emt 0:00:14]} Ke6 {[%emt 0:00:10]} 87. Bf8 {[%emt 0:00:19]} Rb3 {[%emt 0:01:23]} 88. Bd6 {[%emt 0:00:12]} Ra3 {[%emt 0:00:15]} 89. Bf8 {[%emt 0:00:39]} Kf6 {[%emt 0:00:49]} 90. Bd6 {[%emt 0:00:20]} Ra4+ {[%emt 0:00:18]} 91. Kf3 {[%emt 0:00:07]} Ra1 {[%emt 0:00:20]} 92. Kg3 {[%emt 0:01:45]} Re1 {[%emt 0:00:26]} 93. Kf3 {[%emt 0:00:32]} Ke6 {[%emt 0:00:46]} 94. Kf4 {[%emt 0:00:24]} Rf1+ {[%emt 0:00:23]} 95. Ke3 {[%emt 0:00:18]} Kd5 {[%emt 0:00:43]} 96. Ke2 {[%emt 0:00:29]} Rg1 {[%emt 0:00:23]} 97. Kf2 {[%emt 0:00:42]} Rg8 {[%emt 0:00:24]} 98. Ke3 {[%emt 0:00:22]} Rg4 {[%emt 0:00:39]} 99. Kf3 {[%emt 0:00:57]} Kd4 {[%emt 0:00:17]} 100. Bf8 {[%emt 0:01:30]} Rg1 {[%emt 0:00:46]} 101. Bd6 {[%emt 0:00:20]} Rc1 {[%emt 0:00:26]} 102. Kf4 {[%emt 0:00:45]} Rf1+ {[%emt 0:00:16]} 103. Kg5 {[%emt 0:00:26]} Ke4 {[%emt 0:00:40]} 104. Kf6 {[%emt 0:00:33]} f4 {[%emt 0:00:21]} 105. Ke6 {[%emt 0:00:28]} f3 {[%emt 0:00:12]} 106. Bg3 {[%emt 0:00:31]} Rg1 {[%emt 0:00:11]} 107. Bf2 {[%emt 0:00:25]} Rg6+ {[%emt 0:00:17] Ke5+ Kxe5} 0-1